000 00573nam a22001337a 4500
999 _c6999
_d6999
008 200414b ||||| |||| 00| 0 eng d
020 _a9987 417 28 0
100 _aMWAKALILA,Shadrack
245 _aThe Use of Suistainable Irrigation for Poverty Alleviation in Tanzania
_bThe Case of Smalleholder Irrigation Schemes in Igurusi,Mbarali District
_cShadrack Mwakalaand Christine Noe
_hEnglish
260 _aDar Es Salaam
_bResearch on Poverty Alleviation
_c2004
300 _axii,55p.
_bIllustration
_c18cm
650 _2Research Report on Poverty Alleviation
942 _2ddc
_cBOOKS